| 000 | 00760nas a2200265 4500 | ||
|---|---|---|---|
| 001 | BR2015001956 | ||
| 003 | BR-BrBNA | ||
| 005 | 20231205125310.0 | ||
| 007 | ta | ||
| 008 | 230509b bl.|||p| |||| 00| 00por d | ||
| 040 |
_aBR-BrBNA _bpor _cBiblioteca Nacional de Agricultura |
||
| 041 | _a(Pt) | ||
| 072 | _aF01; E71 | ||
| 100 | 1 | _aCruz, A.F. | |
| 100 | 1 | _aIcuma, I.M. | |
| 100 | 1 | _aYamanishi, O.K. | |
| 245 | 1 | _aA fruticultura japonesa: características do mercado | |
| 650 | _aFRUTICULTURA | ||
| 650 | _aFRUTA | ||
| 650 | _aIMPORTAÇÃO | ||
| 650 | _aCONSUMIDOR | ||
| 773 | 0 |
_tRevista Científica Rural (Brazil) _xISSN 1413-8263 _g(Apr 2013), v. 15(1) p. 13-21 _wBR2015001956 |
|
| 909 |
_a202311 _bLúcia _c55 _dLúcia Elande |
||
| 942 |
_2AGRIS _n0 _cANA |
||
| 999 |
_c243680 _d243680 |
||